Statistics for Countries That Start With "O,Q,Y, and Z" - Picture Quiz

Click here to take the quiz!

General Stats

  • This quiz has been taken 54 times
  • The average score is 5 of 5

Answer Stats

Answer % Correct
Qatar
100%
Oman
98%
Zimbabwe
96%
Yemen
96%
Zambia
96%

Score Distribution

Percentile by Number Answered

Percent of People with Each Score

Your Score History

You have not taken this quiz